000 00831nam a2200241Ia 4500
003 OSt
005 20220923211100.0
006 a|||||r|||| 00| 0
007 ta
008 220922b |||||||| |||| 00| 0 pan d
020 _a8178832496 (hbk)
_c300
024 _a241,302
037 _b7501/7, 19/11/2009, Arsee Publishers
_cTextual
040 _aARTS
_cARTS
_bpan
041 _2pan
_apan
082 _aP153, P9
100 _aਜੋਗਿੰਦਰ ਸਿੰਘ
_9156275
245 0 _aਪੰਜਾਬੀ ਭਾFਾ, ਗੁਰਮੁਖੀ ਲਿਪੀ* ਸੋਮੇ ਤੇ ਵਿਕਾਸ
260 _aਲੁਧਿਆਣਾ
_b ਚੇਤਨਾ
_c2009
300 _a256ਪੰ
_ccm.
942 _hP153, P9
_cTEXL
_2CC
999 _c294983
_d294983